[Event "Rishon Le Ziyyon"]
[Site "Rishon Le Ziyyon"]
[Date "1993.??.??"]
[Round "5"]
[White "Krays, Alexander"]
[Black "Zilberman, Yaacov"]
[Result "0-1"]
[WhiteElo "2330"]
[BlackElo "2475"]

1.e4 c5 2.Nf3 Nc6 3.Bb5 g6 4.Bxc6 dxc6 5.h3 Bg7 6.d3 b6 7.Nc3 f6 8.Be3 Nh6
9.Qd2 Nf7 10.Nh2 e5 11.f3 Qe7 12.Ne2 a5 13.g4 a4 14.Ng3 Ng5 15.h4 Ne6 16.h5 Bd7
17.Nhf1 Nd4 18.Qf2 Qf7 19.c3 Nb5 20.Nd2 Be6 21.a3 O-O-O 22.Qe2 Rhe8 23.Ngf1 Kb7
24.Nc4 Rd7 25.hxg6 hxg6 26.O-O-O Red8 27.Ng3 Bxc4 28.dxc4 Nd6 29.Rd3 Nxc4
30.Rhd1 Nxe3 31.Rxd7+ Rxd7 32.Rxd7+ Qxd7 33.Qxe3 c4 34.Kc2 b5 35.Kc1 Bf8
36.Qd2 Qxd2+ 37.Kxd2 Bh6+ 38.Kc2 Kc7 39.Ne2 Kd6 40.Ng1 Ke6 41.Kd1 Kf7 42.Kc2 Kg7
43.Kd1 Be3 44.Nh3 Kf7 45.Ke2 Ke6 46.Kd1 Kd6 47.Kc2 c5 48.Kd1 Kc6 49.Kc2 b4
50.Kb1 Bd2 51.Kc2 Be3 52.Kb1 Kd7 53.Kc2 Kd6 54.Kb1 Bd2 55.Kc2 Be1 56.Ng1 Ke6
57.Nh3 Kf7 58.Ng1 Kg7 59.cxb4 cxb4 60.axb4 Bxb4 61.Ne2 Kh6 62.Nc3 Kg5 63.Nd5 Bc5
64.Kc3 Bd4+ 65.Kb4 Kh4 66.Kxa4 Bxb2 67.Kb4 c3 68.Kb3 Kg3 69.Kc2 Kxf3 70.Nxf6 Ke3
71.g5 Kf4 72.Nd5+ Kxg5 73.Ne7 Ba3 74.Nd5 Kg4 75.Kxc3 Kf3 76.Kd3 g5 77.Ne3 Bc5
78.Nc4 Bd4 79.Nd2+ Kf2 80.Nb3 Be3 81.Na5 g4 82.Nc4 Bf4  0-1

[Event "Rishon Le Ziyyon"]
[Site "Rishon Le Ziyyon"]
[Date "1993.??.??"]
[Round "5"]
[White "Smyslov, Vassily"]
[Black "Grivas, Efstratios"]
[Result "1/2-1/2"]
[WhiteElo "2520"]
[BlackElo "2505"]

1.e4 c5 2.Nf3 Nc6 3.Bb5 d6 4.d4 cxd4 5.Qxd4 Bd7 6.Bxc6 bxc6 7.O-O e5 8.Qd3 h6
9.c4 Qc7 10.Nc3 Nf6 11.Be3 Be6 12.Rac1 Nd7 13.b4 Qb7 14.b5 Be7 15.bxc6 Qxc6
16.Nd5 Bd8 17.Nb4 Qc7 18.Na6 Qa5 19.c5 dxc5 20.Nxc5 Nxc5 21.Rxc5 Qa4 22.Nxe5 O-O
23.Nc6 Qxa2 24.Bd4 Bb6 25.Ne7+ Kh7 26.Qg3 Rg8 27.Nxg8 Rxg8 28.Ra1 Qe2 29.Qe3 Qxe3
30.Bxe3 Bxc5 31.Bxc5 Rc8 32.Bxa7 Ra8 33.f3 Kg6 34.Ra6 Kh7 35.Kf2 Bc8 36.Ra5 Be6
37.g4 Kg8 38.h4  1/2-1/2

[Event "Rishon Le Ziyyon"]
[Site "Rishon Le Ziyyon"]
[Date "1993.??.??"]
[Round "11"]
[White "Krays, Alexander"]
[Black "Birnboim, Nathan"]
[Result "1-0"]
[WhiteElo "2330"]
[BlackElo "2435"]

1.e4 c5 2.Nf3 Nc6 3.Bb5 e6 4.O-O Nge7 5.b3 Nd4 6.Nxd4 cxd4 7.c3 a6 8.Bd3 dxc3
9.Nxc3 d5 10.exd5 Nxd5 11.Nxd5 Qxd5 12.Bc4 Qf5 13.Qe2 Bd6 14.Bb2 Bd7 15.Bd3 Qg5
16.Be4 O-O 17.Bxb7 Rab8 18.Be4 Bb5 19.d3 a5 20.g3 Rfd8 21.Rfd1 a4 22.h4 Qe7
23.Re1 Bb4 24.Qh5 h6 25.Re3 Bc5 26.Re2 Qf8 27.Rc1 Bd6 28.bxa4 Bxa4 29.Bc6 Bxc6
30.Rxc6 Ba3 31.Bxa3 Qxa3 32.Rc7 Rb1+ 33.Kh2 Rf8 34.Rd2 Qa8 35.f3 g6 36.Qg4 Qa5
37.Rcc2 Qa7 38.d4 Qa6 39.Qh3 Rd8 40.Qg2 Ra1 41.f4 Qb6 42.Rb2 Qa5 43.Qf3 h5
44.Qc6 Rd5 45.Re2 Qd8 46.Rxe6 fxe6 47.Qxe6+ Kh8 48.Rb7 Rxa2+ 49.Kh3 Ra8 50.f5 Rd6
51.Qe3 Qg8 52.Qe7 Raa6 53.Qe5+ Rf6 54.Rb8 gxf5 55.Rxg8+ Kxg8 56.Qe8+ Kg7
57.Qxh5 f4 58.Qg4+ Kh6 59.Qg5+ Kh7 60.Qh5+ Kg7  1-0

[Event "ROM-chT"]
[Site "ROM"]
[Date "1993.??.??"]
[Round "2"]
[White "Urzica, Aurel"]
[Black "Marasescu, Ioan"]
[Result "1/2-1/2"]
[WhiteElo "2370"]
[BlackElo "2360"]

1.e4 c5 2.Nf3 Nc6 3.Bb5 Nf6 4.Nc3 Nd4 5.e5 Nxb5 6.Nxb5 Nd5 7.Ng5 f6 8.Qh5+ g6
9.Qf3 Nb4 10.exf6 exf6 11.Ne4 Be7 12.Nbd6+ Bxd6 13.Nxd6+ Ke7 14.Nxc8+ Qxc8
15.O-O Qc6 16.Qd1 Kf7  1/2-1/2

[Event "ROM-chT"]
[Site "ROM"]
[Date "1993.??.??"]
[Round "2"]
[White "Manole, Vasile"]
[Black "Mititelu, Gheorghe"]
[Result "1/2-1/2"]
[WhiteElo "2270"]
[BlackElo "2325"]

1.e4 c5 2.Nf3 Nc6 3.Bb5 a6 4.Bxc6 bxc6 5.O-O d6 6.h3 e5 7.c3 Be7 8.d4 cxd4
9.cxd4 Qc7 10.Nc3 Nf6 11.Be3 O-O 12.Rc1 exd4 13.Nxd4 Qb7 14.Qc2 g6 15.Rcd1 Bd7
16.Nde2 Rfd8 17.Rd2 Be6 18.Rfd1 Nd7 19.Nf4 Ne5 20.b3 Bd7 21.Na4 a5 22.Nb6 Ra6
23.Nxd7 Nxd7 24.Ne2 Raa8 25.Nc3 Qa6 26.Na4 f6 27.Rc1 Rac8 28.Qc4+ Qxc4 29.Rxc4 c5
30.Rc1 Kf7 31.f4 Rb8 32.Kf2 Nb6 33.Nc3 a4 34.bxa4 Ra8 35.Rb1 Nxa4 36.Nd5 Rdb8
37.Rxb8 Rxb8 38.Rc2 Ke6 39.g4 f5 40.gxf5+ gxf5 41.Kf3 Rb1 42.Nxe7 fxe4+ 43.Kxe4 Rb4+
44.Kf3 Kxe7 45.Kg4 Ke6 46.Kg5 Re4 47.Bf2 c4 48.f5+ Kd7 49.Kf6 c3 50.Kg7  1/2-1/2

[Event "ROM-chT"]
[Site "ROM"]
[Date "1993.??.??"]
[Round "4"]
[White "Dinescu, Adrian"]
[Black "Botvinnik, Ilia"]
[Result "0-1"]
[WhiteElo "2225"]
[BlackElo "2395"]

1.e4 c5 2.Nf3 Nc6 3.Bb5 g6 4.O-O Bg7 5.c3 Nf6 6.Qe2 O-O 7.d4 cxd4 8.cxd4 d5
9.e5 Ne4 10.Nc3 Nxc3 11.bxc3 Bg4 12.a4 Rc8 13.Ba3 Na5 14.h3 Bxf3 15.Qxf3 a6
16.Be2 Qd7 17.Rfb1 Nc4 18.Bxc4 Rxc4 19.a5 Ra4 20.Bb4 Rxa1 21.Rxa1 Rc8 22.Rb1 Bf8
23.Qd1 Rc7 24.Qb3 e6 25.Bxf8 Kxf8 26.Qb4+ Kg7 27.Kf1 Qd8 28.Qa3 Qg5 29.Qc1 Qf5
30.Rb3 Qd3+ 31.Kg1 h6 32.Qb2 g5 33.Rxb7 Rxc3 34.Qb4 Rc1+ 35.Kh2 Qe4 36.Qd2 Rc2
37.Qe3 Qxe3 38.fxe3 Ra2 39.Kg3 Rxa5 40.Kf3 h5 41.g3 Ra2 42.Rb8 a5 43.Ra8 a4
44.g4 h4 45.Ra7 Rh2 46.Rxa4 Rxh3+ 47.Kf2 Rg3 48.Ra1 Rxg4 49.Rh1 Kg6  0-1

[Event "ROM-chT"]
[Site "ROM"]
[Date "1993.??.??"]
[Round "6"]
[White "Peptan, Corina"]
[Black "Teodorescu, Margareta"]
[Result "1-0"]
[WhiteElo "2355"]
[BlackElo "2105"]

1.e4 c5 2.Nf3 Nc6 3.Bb5 d6 4.O-O g6 5.Re1 Bg7 6.c3 a6 7.Bxc6+ bxc6 8.d3 e6
9.e5 dxe5 10.Nxe5 Qd5 11.Bf4 Ne7 12.Nc4 Qd8 13.Bd6 O-O 14.Bxc5 Rb8 15.Nbd2 Qd7
16.Ne4 Re8 17.Bd6 Rb5 18.Nc5 Qa7 19.d4 Rd8 20.a4 Nf5 21.axb5 cxb5 22.Be5 bxc4
23.Bxg7 Kxg7 24.Qe2 Nd6 25.Qe5+ Kg8 26.Ra4 Qb6 27.Rb4 Qc6 28.Ra1 Bb7 29.f3 Ra8
30.Nxb7 Nxb7 31.Qe4  1-0

[Event "ROM-chT"]
[Site "ROM"]
[Date "1993.??.??"]
[Round "8"]
[White "Peptan, Corina"]
[Black "Lupu, Smaranda  B"]
[Result "1-0"]
[WhiteElo "2355"]
[BlackElo "2175"]

1.e4 c5 2.Nf3 Nc6 3.Bb5 g6 4.O-O Bg7 5.c3 Nf6 6.Re1 O-O 7.d3 d5 8.e5 Ne8
9.Bxc6 bxc6 10.Be3 d4 11.cxd4 Bg4 12.Nbd2 cxd4 13.Bxd4 Nc7 14.h3 Bf5 15.Ne4 Ne6
16.Bc3 Nf4 17.d4 Qd5 18.Ng3 Bc8 19.Re4 Ne6 20.Qb3 Qxb3 21.axb3 Nc7 22.Ree1 Be6
23.b4 Bd5 24.Ne4 Rfd8 25.Nc5 Bxf3 26.gxf3 Nb5 27.Red1 Rd5 28.Nb7 Rb8 29.Na5 Rc8
30.Kg2 f5 31.f4 Kf7 32.Rd2 h6 33.h4 Bf8 34.Nb3 Rcd8 35.Ra6 Nc7 36.Rxc6 Ne6
37.Kg3 g5 38.fxg5 hxg5 39.hxg5 Nxg5 40.Nc5 Rxc5 41.bxc5 Ne4+ 42.Kf3 Nxd2+
43.Bxd2 Rxd4 44.Bc3 Rc4 45.e6+ Kg6 46.Rc8 Bh6 47.Be5 Re4 48.Bb8 Kf6 49.c6 Kxe6
50.Rh8 Bf4 51.Bxf4  1-0

[Event "ROM-chT"]
[Site "ROM"]
[Date "1993.??.??"]
[Round "9"]
[White "Sheremetieva, Marina"]
[Black "Baumstark, Gertrude"]
[Result "1/2-1/2"]
[WhiteElo "2290"]
[BlackElo "2160"]

1.e4 c5 2.Nf3 Nc6 3.Bb5 Nd4 4.Nxd4 cxd4 5.O-O g6 6.d3 Bg7 7.f4 a6 8.Ba4 b5
9.Bb3 Bb7 10.f5 e6 11.Qe1 Qe7 12.Bd2 O-O-O 13.Ba5 Re8 14.Qg3 d6 15.fxe6 fxe6
16.c4 dxc3 17.Nxc3 Bd4+ 18.Kh1 Nf6 19.a4 bxa4 20.Nxa4 Kb8 21.Bb4 e5 22.Nc3 Nh5
23.Qg4 Rhf8 24.Nd5 Rxf1+ 25.Rxf1 Bxd5 26.Bxd5 Nf4 27.Bc4 Rf8 28.Qd1 Nh5 29.g3 Kc7
30.b3 Bc5 31.Bd2 Rxf1+ 32.Qxf1 Qf6 33.Qxf6 Nxf6 34.Bg5 Ng4 35.h3 h6 36.Be7 Nf2+
37.Kg2 g5 38.g4 Kb6 39.Bf8 d5 40.Bxc5+ Kxc5 41.exd5 Nd1 42.Kf3 Nc3 43.Bxa6 Kxd5
44.b4 Kd4 45.Kf2 Nd5 46.b5 Nb6 47.Ke2 Nd5 48.Kd2 Nb6 49.Bb7 Na4 50.Bc6 Nb6
51.Kc2 Nc8 52.Be8 Nb6 53.Bg6 Kc5 54.Be8 Kd4 55.Bc6 Nc8 56.Be4 Nb6 57.Kb3 Kc5
58.Bc6 Kd4 59.Be4  1/2-1/2

[Event "Rostov op"]
[Site "Rostov"]
[Date "1993.??.??"]
[Round "?"]
[White "Kulish, Irina"]
[Black "Yagupov, Igor"]
[Result "1/2-1/2"]
[WhiteElo "2170"]
[BlackElo "2415"]

1.e4 c5 2.Nf3 Nc6 3.Bb5 d6 4.d4 cxd4 5.Qxd4 Bd7 6.Bxc6 Bxc6 7.c4 Nf6 8.Nc3 g6
9.O-O Bg7 10.Qd3 O-O 11.Nd4 Nd7 12.b3 Nc5 13.Qe3 a5 14.Bb2 Qb6 15.Rab1 a4
16.Nd5 Bxd5 17.exd5 axb3 18.axb3 Ra2 19.Bc3 Re8 20.Nb5 Nd7 21.Qxb6 Nxb6 22.Rfe1 Bxc3
23.Nxc3 Rc2 24.Nb5 Kf8 25.Ra1 Ra8 26.Rxa8+ Nxa8 27.Kf1 Rb2 28.Nd4 b5 29.Ra1 Nb6
30.Ra6 Nd7 31.cxb5 Rd2 32.Nc6 Rxd5 33.Ra8+ Kg7 34.Ra7 Nb6 35.Rb7 Rxb5 36.Nxe7 Rxb3
37.Nc8 Rb1+ 38.Ke2 Rb2+ 39.Kf3 Rb3+ 40.Ke2 Rb2+ 41.Kf3  1/2-1/2

[Event "Rostov op"]
[Site "Rostov"]
[Date "1993.??.??"]
[Round "?"]
[White "Namgilov, Sogto"]
[Black "Kovalevskaya, Ekaterina"]
[Result "1-0"]
[WhiteElo "2440"]
[BlackElo "2270"]

1.e4 c5 2.Nf3 Nc6 3.Bb5 d6 4.O-O Bd7 5.Re1 a6 6.Bxc6 Bxc6 7.d4 cxd4 8.Qxd4 Nf6
9.Bg5 h6 10.Bxf6 gxf6 11.Nc3 Bg7 12.Nh4 e6 13.f4 Kf8 14.f5 e5 15.Qd3 h5 16.Nd5 Bh6
17.Rad1 Rc8 18.Kh1 Rg8 19.Qa3 Bxd5 20.Rxd5 Rc6 21.Red1 Ke7 22.Qd3 Qb6 23.c3 Rg4
24.g3 Rg8 25.Ng2 Bg5 26.c4 Rd8 27.h4 Bh6 28.a3 Qf2 29.c5 Rg8 30.Rxd6 Rxg3
31.Re6+ Kf8 32.Qd8+ Kg7 33.Qxf6+ Kg8 34.Re8+  1-0

[Event "Rostov op"]
[Site "Rostov"]
[Date "1993.??.??"]
[Round "?"]
[White "Sepp, Olav"]
[Black "Brodsky, Michail"]
[Result "0-1"]
[WhiteElo "2390"]
[BlackElo "2520"]

1.e4 c5 2.Nf3 Nc6 3.Bb5 d6 4.O-O Bd7 5.Re1 Nf6 6.c3 a6 7.Bf1 Bg4 8.h3 Bxf3
9.Qxf3 g6 10.Qd1 Bh6 11.d3 Bxc1 12.Qxc1 O-O 13.Nd2 e5 14.Nf3 Kg7 15.Qe3 Re8
16.Rad1 b5 17.g3 Qb6 18.Bg2 Rad8 19.Nh4 h6 20.f4 d5 21.exd5 exf4 22.Qxf4 Nxd5
23.Bxd5 Rxe1+ 24.Rxe1 Rxd5 25.Rf1 Nd8 26.g4 Rxd3 27.Qe5+ Kh7 28.Nf3 Qc6 29.Qf4 Qd5
30.Rf2 Kg7 31.a3 Nc6 32.h4 Rd1+ 33.Kh2 Qe6 34.Kg3 Rd3 35.Rd2 Re3 36.Kf2 Re4
37.Qd6 Re2+ 38.Kg3 Rxd2 39.Qxe6 fxe6 40.Nxd2 Ne5 41.b3 Kf7 42.Kf4 Nd7 43.Nf3 Ke7
44.g5 hxg5+ 45.Nxg5 Kf6 46.Ne4+ Kg7 47.Ng5 Kf6 48.Ne4+ Kf7 49.Ng5+ Ke7 50.Ne4 c4
51.bxc4 bxc4 52.Kg5 Ne5 53.Nc5 Nf3+ 54.Kxg6 Nxh4+ 55.Kg5 Nf3+ 56.Kf4 Nd2
57.Ke5 Nf3+ 58.Ke4 Kd6 59.Nb7+ Kc7 60.Nc5 Nd2+ 61.Ke5 Kb6 62.Nxe6 Nb1 63.a4  0-1

[Event "Rostov op"]
[Site "Rostov"]
[Date "1993.??.??"]
[Round "?"]
[White "Sepp, Olav"]
[Black "Svidler, Peter"]
[Result "0-1"]
[WhiteElo "2390"]
[BlackElo "2490"]

1.e4 c5 2.Nf3 Nc6 3.Bb5 e6 4.O-O Nge7 5.c3 Qb6 6.Na3 Ng6 7.Re1 Be7 8.Bf1 d5
9.exd5 exd5 10.d4 O-O 11.Nc2 c4 12.Ne3 Be6 13.g3 Qd8 14.Bg2 Bf6 15.Nd2 Qd7
16.f4 Nge7 17.Ndxc4 Nxd4 18.cxd4 dxc4 19.d5 Bh3 20.Bf3 c3 21.Re2 Qb5 22.a4 Qc5
23.bxc3 Nf5 24.Ba3 Qxc3 25.Bb2 Qc5 26.Bxf6 gxf6 27.Qc2 Qxc2 28.Nxc2 Rac8
29.Kf2 Rc3 30.Rd1 Nd6 31.Nd4 Bd7 32.a5 Ra3 33.Re7 Rd8 34.Rc1 Kf8 35.Re3 Rxa5
36.Rc7 Ra2+ 37.Re2 Rxe2+ 38.Bxe2 Ke8 39.Nb3 Rc8 40.Rxc8+ Bxc8 41.Ke3 b6 42.g4 a5
43.Kd4 Ke7 44.h4 Bd7 45.Nd2 h6 46.Bd1 Nb7 47.Be2 b5 48.g5 fxg5 49.hxg5 hxg5
50.fxg5 b4 51.Kc4 Kd6 52.Bh5 Be8 53.Kd4 a4 54.Ne4+ Ke7 55.Kc4 a3 56.Kb3 Ba4+
57.Ka2 Bb5 58.Nd2 Nd6 59.g6 fxg6 60.Bxg6 Bc4+ 61.Nxc4 Nxc4 62.Kb3 Nd2+ 63.Kc2 b3+
64.Kc3 a2 65.Kb2 Nc4+ 66.Ka1 Ne3  0-1

[Event "Rostov op"]
[Site "Rostov"]
[Date "1993.??.??"]
[Round "?"]
[White "Yagupov, Igor"]
[Black "Filipenko, Alexander V"]
[Result "0-1"]
[WhiteElo "2415"]
[BlackElo "2395"]

1.e4 c5 2.Nf3 Nc6 3.Bb5 e6 4.O-O Nge7 5.b3 a6 6.Bxc6 Nxc6 7.Bb2 b6 8.c4 Bb7
9.Re1 Qc7 10.d4 cxd4 11.Nxd4 Bd6 12.Nf3 O-O 13.Nbd2 f5 14.exf5 Rxf5 15.Ne4 Bb4
16.Re3 h6 17.Rd3 Rd8 18.Qe2 Bf8 19.Ng3 Rf7 20.a3 Re8 21.Rad1 Qc8 22.Qe3 Bc5
23.Qd2 Na5 24.Qc3 e5 25.Nxe5 Rxf2 26.Re3 Rxb2 27.Qxb2 Bxe3+ 28.Kh1 Bf4 29.Ng6 Bxg3
30.hxg3 Qc6 31.Nf4 Qc7 32.Qd4 Nxb3 33.Qd3 Nc5 34.Qg6 Re7 35.Rd5 Bxd5 36.Nxd5 Qe5
37.Nxe7+ Qxe7 38.Qxb6 d6 39.Qb1 Qe5 40.Qg6 Qe1+  0-1

[Event "Rostov op"]
[Site "Rostov"]
[Date "1993.??.??"]
[Round "?"]
[White "Yagupov, Igor"]
[Black "Shumiakina, Tatiana"]
[Result "1-0"]
[WhiteElo "2415"]
[BlackElo "2305"]

1.e4 c5 2.Nf3 Nc6 3.Bb5 e6 4.O-O Nge7 5.b3 a6 6.Bxc6 Nxc6 7.Bb2 d5 8.exd5 Qxd5
9.Nc3 Qd8 10.Ne4 f6 11.Nh4 Qd5 12.Re1 e5 13.f4 Be7 14.Qh5+ Qf7 15.Qxf7+ Kxf7
16.fxe5 Nxe5 17.Bxe5 fxe5 18.Nf3 Bf6 19.Nd6+ Ke7 20.Nxc8+ Rhxc8 21.Nxe5 Kd6
22.Nc4+ Kc7 23.Rad1 Re8 24.Rxe8 Rxe8 25.Kf2 Bd4+ 26.Ne3 Kc6 27.Ke2 Re7 28.Rf1 Bf6
29.Kd1 Rd7 30.Rf3 Be5 31.h3 g6 32.Ng4 Bd6 33.Nf6 Re7 34.Re3 Rf7 35.Re6 Kc7
36.Ne8+ Kd7 37.Nxd6 Rf8 38.Re8 Rf1+ 39.Re1 Rxe1+ 40.Kxe1 Kxd6 41.Ke2 Ke6
42.Ke3 g5 43.c3 h5 44.d4 cxd4+ 45.cxd4 Kf5 46.g3 b5 47.b4  1-0

[Event "Rostov op"]
[Site "Rostov"]
[Date "1993.??.??"]
[Round "?"]
[White "Akopian, Vladimir"]
[Black "Sveshnikov, Evgeny"]
[Result "1-0"]
[WhiteElo "2615"]
[BlackElo "2555"]

1.e4 c5 2.Nf3 Nc6 3.Bb5 e6 4.O-O Nge7 5.b3 Nd4 6.Nxd4 cxd4 7.c3 a6 8.Bd3 Nc6
9.cxd4 Nxd4 10.Bb2 Bc5 11.Nc3 d6 12.Ne2 Nxe2+ 13.Bxe2 O-O 14.d4 Ba7 15.Ba3 Re8
16.Rc1 d5 17.exd5 exd5 18.Bc5 Bb8 19.Bf3 Bf4 20.Rc2 Bf5 21.Re2 Rxe2 22.Qxe2 Be6
23.g3 Bg5 24.Re1 Bf6 25.Bg4 Bxg4 26.Qxg4 g6 27.h4 Kg7 28.h5 Qc8 29.Qf4 g5
30.Qf3 Qd7 31.h6+ Kg6 32.g4 Bd8 33.Qh3 Kf6 34.Re5 b6 35.Qh5  1-0

[Event "Salta op"]
[Site "Salta"]
[Date "1993.??.??"]
[Round "3"]
[White "Rosito, Jorge"]
[Black "Nedilsky, Diego"]
[Result "1-0"]
[WhiteElo "2365"]
[BlackElo "2240"]

1.e4 c5 2.Nf3 Nc6 3.Bb5 e6 4.O-O Nge7 5.b3 Nd4 6.Nxd4 cxd4 7.Bb2 Nc6 8.c3 Bc5
9.Qh5 b6 10.Na3 a6 11.Be2 Bb7 12.Nc2 Qf6 13.b4 Be7 14.f4 Qg6 15.Qf3 Ne5 16.fxe5 Bxe4
17.Bd3 Bxd3 18.Qxa8+ Bd8 19.Ne1 Bxf1 20.Kxf1 Qf5+ 21.Kg1 Qxe5 22.Qxa6 Bc7
23.Nf3  1-0

[Event "ARG-chJ"]
[Site "San Jorge"]
[Date "1993.??.??"]
[Round "2"]
[White "Caputo, Juan"]
[Black "Canovas, Claudio"]
[Result "1-0"]
[WhiteElo "1960"]
[BlackElo "1790"]

1.Nf3 c5 2.e4 Nc6 3.Bb5 g6 4.c3 Bg7 5.d4 cxd4 6.cxd4 Qb6 7.Bxc6 dxc6 8.h3 c5
9.Nc3 cxd4 10.Nd5 Qd6 11.Bf4 e5 12.Rc1 Rb8 13.Qxd4 exd4 14.Bxd6 Ra8 15.Nc7+ Kd7
16.Nxa8 Nf6 17.e5  1-0

[Event "ARG-chJ"]
[Site "San Jorge"]
[Date "1993.??.??"]
[Round "7"]
[White "Moreno, Javier"]
[Black "Churin, Leonardo"]
[Result "1-0"]
[WhiteElo "2170"]
[BlackElo "2145"]

1.e4 c5 2.Nf3 Nc6 3.Bb5 g6 4.Bxc6 dxc6 5.d3 Bg7 6.h3 Nf6 7.Nc3 b6 8.Be3 Ba6
9.Qd2 h6 10.O-O g5 11.a4 Qc7 12.a5 O-O 13.axb6 axb6 14.h4 g4 15.Bf4 Qc8 16.Nh2 Kh7
17.Na4 Qd8 18.e5 Nd5 19.Nxg4 Nxf4 20.Qxf4 Bc8 21.Qe4+ Kh8 22.Ne3 Qd4 23.Rfe1 Qxe4
24.dxe4 Bxe5 25.Nxb6 Rxa1 26.Rxa1 Be6 27.Nbc4 Bd4 28.Kf1 Rb8 29.Ra7 Bxb2
30.Nxb2 Rxb2 31.Rxe7 Rb4 32.Rc7 Rxe4 33.Rxc6 c4 34.g3 Kg7 35.Ke2 Rd4 36.f4 Kf8
37.f5 Bd5 38.Rc5 Be4 39.g4 Ke8 40.g5 hxg5 41.hxg5 Kd7 42.Nxc4 Bxf5 43.Rxf5 Rxc4
44.Kd3 Rg4 45.Rxf7+ Kd6 46.Rg7 Kd5 47.c4+ Kd6 48.Rg8 Ke6 49.g6 Rg1 50.Kd4 Rg5
51.Kc3 Kf6 52.Kb4 Ke6 53.c5 Rg1 54.Kb5 Kd5 55.g7 Rb1+ 56.Ka6 Rg1 57.Rd8+ Kc6
58.Rc8+  1-0

[Event "San Sebastian op"]
[Site "San Sebastian"]
[Date "1993.??.??"]
[Round "?"]
[White "Magem Badals, Jorge"]
[Black "Kurajica, Bojan"]
[Result "0-1"]
[WhiteElo "2510"]
[BlackElo "2535"]

1.e4 c5 2.Nf3 Nc6 3.Bb5 e6 4.O-O Nge7 5.c3 a6 6.Ba4 b5 7.Bc2 Bb7 8.Re1 d5
9.e5 d4 10.Be4 Nf5 11.a4 Be7 12.axb5 axb5 13.Rxa8 Qxa8 14.Na3 Na7 15.d3 dxc3
16.bxc3 O-O 17.g4 Bxe4 18.dxe4 Nh4 19.Nxh4 Bxh4 20.Qe2 Qb8 21.Bd2 Qxe5 22.Nxb5 Bxf2+
23.Qxf2 Nxb5 24.Qf3 Rd8 25.Re2 c4 26.Rf2 f6 27.g5 f5 28.Qh5 g6 29.Qh4 Nxc3
30.exf5 Qe4  0-1

[Event "Santiago"]
[Site "Santiago de Chile"]
[Date "1993.??.??"]
[Round "?"]
[White "Arancibia, Eduardo"]
[Black "Silva, Sebastain"]
[Result "1/2-1/2"]
[WhiteElo "2300"]
[BlackElo "2350"]

1.e4 c5 2.Nf3 Nc6 3.Bb5 d6 4.O-O Bd7 5.Re1 a6 6.Bf1 Bg4 7.d3 g6 8.h3 Bxf3
9.Qxf3 Bg7 10.c3 Nf6 11.Be3 Nd7 12.Qd1 e5 13.f4 O-O 14.Na3 Kh8 15.Nc4  1/2-1/2

[Event "Santiago ARAIS tt"]
[Site "Santiago"]
[Date "1993.??.??"]
[Round "7"]
[White "Velasquez Ojeda, Cesar"]
[Black "Silva, Sebastain"]
[Result "1-0"]
[WhiteElo "2310"]
[BlackElo "2350"]

1.e4 c5 2.Nf3 Nc6 3.Bb5 g6 4.Bxc6 dxc6 5.O-O Bg7 6.Re1 Nf6 7.e5 Nd5 8.d4 cxd4
9.Qxd4 O-O 10.Qh4 Qa5 11.Bh6 Qb4 12.c4 Nb6 13.Nbd2 Rd8 14.b3 Bf5 15.Ne4 Nd7
16.Neg5 Nf8 17.Bxg7 Kxg7 18.Nd4 Bd3 19.Qf4 Rxd4 20.Qxd4 Bf5 21.g4 c5 22.Qd1 Be6
23.f4 Qc3 24.Rc1 Qa5 25.Qf3 Bd7 26.f5 Bc6 27.Qf2 f6 28.exf6+ exf6 29.Re7+ Kg8
30.fxg6  1-0

[Event "Sevilla op"]
[Site "Sevilla"]
[Date "1993.??.??"]
[Round "9"]
[White "Magem Badals, Jorge"]
[Black "Reales Murto, Manuel J"]
[Result "1/2-1/2"]
[WhiteElo "2510"]
[BlackElo "2270"]

1.e4 c5 2.Nf3 Nc6 3.Bb5 g6 4.O-O Bg7 5.c3 a6 6.Bxc6 bxc6 7.d4 cxd4 8.cxd4 Nf6
9.Nc3 Rb8 10.b3 O-O 11.Bb2 d6 12.h3 Qa5 13.Rc1 Bd7 14.Nd2 Nh5 15.e5 Be6 16.exd6 exd6
17.Nde4 Rfd8 18.Re1 h6 19.Qd2 Nf6 20.Na4 Qxd2 21.Nxd2 Nd5 22.a3 Nf4 23.Rxc6 Bxb3
24.Nxb3 Rxb3 25.Re3 Rdb8 26.Rxa6 Rxb2 27.Nxb2 Rxb2 28.Rxd6 Ne2+ 29.Kf1 Nxd4
30.g3 Ne6 31.Re2 Rb1+ 32.Kg2 Ra1 33.Ra6 Bf8 34.Re3 Ra2 35.h4 Bc5  1/2-1/2

[Event "SLO-ch"]
[Site "?"]
[Date "1993.??.??"]
[Round "?"]
[White "Pavasovic, Dusko"]
[Black "Mohr, Georg"]
[Result "1-0"]
[WhiteElo "2295"]
[BlackElo "2450"]

1.e4 c5 2.Nf3 Nc6 3.Bb5 g6 4.Bxc6 bxc6 5.O-O Bg7 6.Re1 f6 7.c3 Nh6 8.d4 cxd4
9.cxd4 O-O 10.Nc3 Nf7 11.e5 fxe5 12.dxe5 Qc7 13.Bf4 Nd8 14.Qd2 Ne6 15.Bh6 Rxf3
16.gxf3 Bxe5 17.f4 Bf6 18.Ne4 Bg7 19.Bxg7 Nxg7 20.Ng5 d5 21.Qe3 e6 22.Qe5 Qb6
23.Rad1 Bb7 24.Ne4 Rd8 25.Nf6+ Kh8 26.Re3 Qc5 27.Rh3 h5 28.Qg5  1-0

[Event "SLO-ch"]
[Site "?"]
[Date "1993.??.??"]
[Round "?"]
[White "Pavasovic, Dusko"]
[Black "Jelen, Igor"]
[Result "1/2-1/2"]
[WhiteElo "2295"]
[BlackElo "2325"]

1.e4 c5 2.Nf3 Nc6 3.Bb5 g6 4.Bxc6 bxc6 5.O-O Bg7 6.Re1 e5 7.c3 Ne7 8.d4 cxd4
9.cxd4 exd4 10.Nxd4 O-O 11.Nc3 Rb8 12.Nb3 d5 13.Be3 Rb7 14.Bd4 dxe4 15.Bxg7 Kxg7
16.Nxe4 Qxd1 17.Raxd1 Be6 18.Nec5 Bxb3 19.Nxb7 Bxd1 20.Rxe7 Bg4 21.f3 Kf6
22.Re4 Bc8 23.Na5 Rd8 24.Re2 Rd6 25.Rc2 Bd7 26.Kf2 h5 27.Nb7 Rd5 28.Nc5 Ke7
29.Nxd7 Kxd7 30.Ke3 Ra5 31.a3  1/2-1/2

[Event "SLO-chT"]
[Site "?"]
[Date "1993.??.??"]
[Round "?"]
[White "Pavasovic, Dusko"]
[Black "Kovacic, Mario"]
[Result "1-0"]
[WhiteElo "2295"]
[BlackElo "2030"]

1.e4 c5 2.Nf3 Nc6 3.Bb5 g6 4.Bxc6 dxc6 5.d3 Bg7 6.h3 b6 7.Nc3 Ba6 8.Be3 e6
9.Qd2 Qd7 10.a4 f5 11.Bf4 Ne7 12.h4 h6 13.Be5 Bxe5 14.Nxe5 Qc7 15.f4 Rh7
16.a5 b5 17.Qe3 Qd6 18.Nf3 Rg7 19.Nd2 e5 20.Nb3 exf4 21.Qxc5 Qxc5 22.Nxc5 Bc8
23.Ne2 fxe4 24.Nxf4 Nd5 25.Nxd5 cxd5 26.dxe4 dxe4 27.O-O-O Bf5 28.Rhe1 Re7
29.Rd4 e3 30.g4 Bc8 31.Re4 Rxe4 32.Nxe4 Kf8 33.Nf6 Kf7 34.g5 hxg5 35.hxg5 Bf5
36.Rxe3 Rc8 37.c3 b4 38.Nd5 Rc5 39.Nxb4 Rxa5 40.Nc6 Ra1+ 41.Kd2 Ra2 42.Re7+ Kf8
43.Rxa7 Rxb2+ 44.Ke3 Rc2 45.Kd4 Rg2 46.Ke5 Bd3 47.Nd4 Rg1 48.Ne6+ Ke8 49.Ra8+ Ke7
50.Ra7+ Ke8 51.Kd6  1-0

[Event "Sochi"]
[Site "Sochi"]
[Date "1993.??.??"]
[Round "?"]
[White "Arkhipov, Sergey"]
[Black "Brodsky, Michail"]
[Result "1/2-1/2"]
[WhiteElo "2520"]
[BlackElo "2515"]

1.e4 c5 2.Nf3 Nc6 3.Bb5 d6 4.O-O Bd7 5.Re1 Nf6 6.c3 a6 7.Bf1 Bg4 8.d3 e6
9.Nbd2 d5 10.h3 Bxf3 11.Qxf3 Be7 12.Qg3 O-O 13.Nf3 Nh5 14.Qh2 f5 15.exd5 exd5
16.g3 Bd6 17.Qg2 Qd7 18.Bd2 Nf6 19.Re2 Rae8 20.Rae1 Rxe2 21.Bxe2 b5 22.Nh4 Bc7
23.g4 fxg4 24.hxg4 c4 25.dxc4 dxc4 26.Be3 Ne5 27.Rd1 Qf7 28.Bc5 Re8 29.Nf5  1/2-1/2

[Event "St Ingbert op"]
[Site "St Ingbert"]
[Date "1993.??.??"]
[Round "8"]
[White "Martinovic, Slobodan"]
[Black "Pirrot, Dieter"]
[Result "1-0"]
[WhiteElo "2465"]
[BlackElo "2400"]

1.Nf3 c5 2.e4 Nc6 3.Bb5 g6 4.c3 Bg7 5.d4 cxd4 6.cxd4 Nf6 7.Nc3 d5 8.Ne5 Bd7
9.Nxd7 Qxd7 10.e5 Ne4 11.Na4 Qc7 12.O-O O-O 13.Be3 Nxe5 14.dxe5 Qxe5 15.f4 Qd6
16.Bd3 f5 17.Bxe4 fxe4 18.Bc5 Qe6 19.Bd4 Rfd8 20.Nc5 Bxd4+ 21.Qxd4 Qf6 22.Qe5  1-0

[Event "St Martin op"]
[Site "St Martin"]
[Date "1993.??.??"]
[Round "9"]
[White "Curdo, John"]
[Black "Fedorowicz, John P"]
[Result "1/2-1/2"]
[WhiteElo "2340"]
[BlackElo "2535"]

1.e4 c5 2.Nf3 Nc6 3.Bb5 e6 4.b3 Qf6 5.Nc3 Nd4 6.Be2 a6 7.O-O Ne7 8.Bb2 Nec6
9.Nxd4 cxd4 10.Nb1 Bc5 11.d3 O-O 12.Nd2 d6 13.f4 Bd7 14.a3 b5 15.Qe1 Rac8
16.Qg3 Qg6 17.Qh3 f5 18.exf5 exf5 19.Rae1 Qf6 20.Bf3 Kh8 21.b4 Bb6 22.Bd5 Nd8
23.Bb3 Be6 24.Re2 a5 25.bxa5 Bxa5 26.Bxe6 Nxe6 27.Nb3 Bc3 28.Bxc3 dxc3 29.Qe3 Nc7
30.Rfe1 h6 31.Qf3 Rf7 32.d4  1/2-1/2

[Event "St Martin op"]
[Site "St Martin"]
[Date "1993.??.??"]
[Round "9"]
[White "Burnett, Ronald"]
[Black "Schmittdiel, Eckhard"]
[Result "0-1"]
[WhiteElo "2335"]
[BlackElo "2450"]

1.e4 c5 2.Nf3 Nc6 3.Bb5 g6 4.O-O Bg7 5.c3 Nf6 6.Re1 O-O 7.d4 Qb6 8.Bc4 cxd4
9.cxd4 Na5 10.Bd3 d5 11.exd5 Nxd5 12.Nc3 Be6 13.Be4 Nf6 14.Qe2 Bc4 15.Qe3 Rac8
16.b3 Nxe4 17.Nxe4 Bd5 18.Bb2 Nc6 19.Rad1 Nb4 20.Nc3 e6 21.Rd2 Rfd8 22.Ne5 Qa5
23.a3 Nc6 24.b4 Qc7 25.Nxc6 Qxc6 26.f3 Qb6 27.Kf2 Rd7 28.g3 Qd8 29.h4 Rc4
30.Ne2 Bc6 31.h5 Rd5 32.hxg6 hxg6 33.Qb3 b5 34.Rc2 Rf5 35.Nf4 Rxf4 36.gxf4 Qh4+
37.Ke2 Bxf3+ 38.Qxf3 Rxc2+ 39.Kd3 Rxb2 40.Qa8+ Bf8 41.Rh1 Qg3+  0-1

[Event "St Petersburg op"]
[Site "St Petersburg"]
[Date "1993.??.??"]
[Round "?"]
[White "Zagrebelny, Sergey"]
[Black "Sergeev, Veniamin"]
[Result "1/2-1/2"]
[WhiteElo "2535"]
[BlackElo "2405"]

1.e4 c5 2.Nf3 Nc6 3.Bb5 d6 4.O-O Bd7 5.c3 a6 6.Ba4 b5 7.Bc2 g6 8.d4 cxd4
9.Nxd4 Bg7 10.a4 Nf6 11.axb5 Nxd4 12.Qxd4 axb5 13.Rxa8 Qxa8 14.Na3 O-O 15.Qb4 Rb8
16.Bd3 Bc6 17.Re1 Qb7 18.f3 Ne8 19.Bg5 h6 20.Bh4 Kf8 21.Nc2 Nc7 22.Nd4 Na6
23.Qa5 Be8 24.Bf1 Nc5 25.Qa2 b4 26.Bf2 bxc3 27.bxc3 Na4 28.c4 Qb2 29.Qxb2 Rxb2
30.Nb5 Bd7 31.Re2 Ke8 32.g4 Kd8 33.Rxb2 Bxb2 34.Be3 g5 35.h4 f6 36.Be2 Be5
37.Bd1 Bxb5 38.cxb5 Nc3 39.Bb3 Nxb5 40.hxg5 hxg5 41.Bb6+ Kd7 42.Ba4 Kc6 43.Bf2 Bc3
44.Kf1 Bb4 45.Ke2 Bc5 46.Kd3 Kb6 47.Bxb5 Kxb5 48.Be1 Bg1 49.Bg3 Kc5 50.f4 gxf4
51.Bxf4 Bf2 52.g5 fxg5 53.Bxg5  1/2-1/2